00830nam a22002177a 4500999001900000005001700019010001500036020003100051035001400082037001300096082001400109245010800123250000900231260005500240270003300295300008000328500003300408700001700441942002800458952012600486 c182577d18257720220216113403.0 aENG-130125 a978-81-8171-472-5c1150.00 aEN-113657 bDBAD/PUB a591.95482 aFauna Of Kanyakumari Wildlife Sanctuary Tamil Nadu:cEdited by The Director, Zoological Survey of India a2017 aNew AliporebThe Director, Zool. Surv. Indiac2017 aM-BlockbNew Aliporee700053 a324p.c24cm (pbk)bIllustrations of Fauna of Kanyakumari Wildlife Sanctuary aConservation Area Series, 58 aThe Director 2ddccENh591.95482mFAU 001040708NFICaAVbAVd2021-11-23eDBAD/PUBg1150.00l0o591.95482 FAUpEN-113657r2021-11-23 00:00:00t1v1150.00yEN